000
00422nam a2200145Ia 4500
008
100204s9999 xx 000 0 und d
082
_b
7105
100
_a
साधू अरुण
245
_a
पडघम
260
_b
"ग्रंथाली वाचक चळवळ , मुंबई - कुर्ला"
_c
1985
300
_a
94
630
_a
पडघम
730
_a
पडघम
942
_c
BOOK
999
_c
451542
_d
451539